000 00484nam a2200181Ia 4500
005 20250625113747.0
008 008 250516s9999 xx 000 0 eng d
020 _a9781009430890
040 _beng
_cSDCL
041 _aeng
_2eng
084 _aB43 R4
100 _aBobrowski, Adam
_9434799
245 0 _aFunctional analysis revisited :
_bAn essay on completeness
260 _aNew Delhi :
_bCUP,
_c2024.
300 _axi, 245p.
650 _aMathematics
942 _cTEXL
_2CC
999 _c1430111
_d1430111